000 00443pab a2200157 454500
008 180718b2013 xxu||||| |||| 00| 0 eng d
100 _aSehrawat, Samiksha
245 _aFeminising empire: The association of medical women in India and the campaign to found a womens medical service
260 _c2013
300 _ap.65-81.
362 _aMay-Jun 2013
650 _aWomen
773 _aSocial Scientist
908 _aN
909 _a101336
999 _c101334
_d101334